That's Not My Goat / (Record no. 48534)
| 000 -LEADER | |
|---|---|
| fixed length control field | 00319nam a2200109 4500 |
| 020 ## - INTERNATIONAL STANDARD BOOK NUMBER | |
| International Standard Book Number | 9781409570530 |
| 100 ## - MAIN ENTRY--PERSONAL NAME | |
| Personal name | Watt, Fiona, |
| Relator term | author. |
| 9 (RLIN) | 38829 |
| 245 ## - TITLE STATEMENT | |
| Title | That's Not My Goat / |
| Remainder of title | By Fiona Watt. |
| 260 ## - PUBLICATION, DISTRIBUTION, ETC. (IMPRINT) | |
| Place of publication, distribution, etc | London; |
| Name of publisher, distributor, etc | Usborne Publishing Ltd., |
| Date of publication, distribution, etc | 2014. |
| 300 ## - PHYSICAL DESCRIPTION | |
| Extent | 10 pages. |
| Dimensions | 6.57 x 0.71 x 6.22 inches. |
| 942 ## - ADDED ENTRY ELEMENTS (KOHA) | |
| Source of classification or shelving scheme | |
| Koha item type | Board Book |
| Withdrawn status | Lost status | Source of classification or shelving scheme | Damaged status | Not for loan | Home library | Current library | Date acquired | Total Checkouts | Full call number | Barcode | Checked out | Date last seen | Date checked out | Price effective from | Koha item type |
|---|---|---|---|---|---|---|---|---|---|---|---|---|---|---|---|
| Logos International School | Logos International School | 03/05/2025 | 8 | BB WAT | 040466 | 07/20/2026 | 03/03/2026 | 03/03/2026 | 03/05/2025 | Board Book |